LEADER 04803nam 2200733 a 450 001 9910464236103321 005 20200520144314.0 010 $a3-11-092324-6 024 7 $a10.1515/9783110923247 035 $a(CKB)3360000000338174 035 $a(EBL)3040206 035 $a(SSID)ssj0000750871 035 $a(PQKBManifestationID)11420453 035 $a(PQKBTitleCode)TC0000750871 035 $a(PQKBWorkID)10751132 035 $a(PQKB)11608891 035 $a(MiAaPQ)EBC3040206 035 $a(DE-B1597)56781 035 $a(OCoLC)840436533 035 $a(OCoLC)948656490 035 $a(DE-B1597)9783110923247 035 $a(Au-PeEL)EBL3040206 035 $a(CaPaEBR)ebr10585189 035 $a(OCoLC)923706021 035 $a(EXLCZ)993360000000338174 100 $a20060210d2006 uy 0 101 0 $aeng 135 $aur|n|---||||| 181 $ctxt 182 $cc 183 $acr 200 00$a'Along the routes to power'$b[electronic resource] $eexplorations of empowerment through language /$fedited by Martin Pu?tz, Joshua A. Fishman, JoAnne Neff-van Aertselaer 210 $aBerlin ;$aNew York $cMouton de Gruyter$dc2006 215 $a1 online resource (448 p.) 225 0 $aContributions to the Sociology of Language [CSL] ;$v92 225 0$aContributions to the sociology of language,$x1861-0676 ;$v92 300 $aDescription based upon print version of record. 311 $a3-11-018599-7 320 $aIncludes bibliographical references and index. 327 $asection 1. Theoretical perspectives : linguistic empowerment and language choices -- section 2. Language policy and language planning : empowering speakers of minority languages in communities and institutions -- section 3. The language empowerment discourse : case studies of language policy and language planning in Africa. 330 $aThe present volume grew out of the 30th International LAUD Symposium, held on April 19-22, 2004 at the University of Koblenz-Landau in Landau, Germany. The conference, "Empowerment through Language", was centrally concerned with the concept of power and/or empowerment as observed in the status and use of language(s) and their speakers in bilingual and multilingual communities. The book discusses the theoretical issues inherent in the relation between language and power, the empowerment strategies involved in language policy and language planning situations, and the issue of language endangerment in Africa, i.e., the fate of minority languages and their speakers and the sociopolitical factors perpetuating their exclusion from access to knowledge and skills. The volume constitutes a collection of papers by prominent linguists from many countries who explore the exciting interdisciplinary area of language, power, and linguistic empowerment. Broadly speaking, the papers focus on the theoretical and sociolinguistic problems related to the role of power in language policy and language planning situations in multilingual settings, language choices, code switches, and associated topics. Thus, the aim of the volume is to open up language policy and language planning issues as observed in multilingual contexts (nations, institutions, other settings, and domains) to the wider community of critical sociolinguistics by concentrating on the relationship between language and power. More particularly, it offers a decidedly sociolinguistic perspective to the study of language and power, which likewise has been tackled from other perspectives in the areas of sociology and political science. This interdisciplinary relationship is important both for linguistics and for the sociology of language. In this way, the book is an important contribution to general linguistics, sociolinguistics, minority issues in multilingual settings as well as the social sciences. In honor of his upcoming 80th birthday (2006) , Fishman's colleagues and former students are preparing five volumes by him or about him, this being one of them. 410 0$aContributions to the sociology of language ;$v92. 606 $aSociolinguistics 606 $aSociolinguistics$zAfrica 606 $aPower (Social sciences) 606 $aLanguage policy 606 $aLanguage planning 608 $aElectronic books. 615 0$aSociolinguistics. 615 0$aSociolinguistics 615 0$aPower (Social sciences) 615 0$aLanguage policy. 615 0$aLanguage planning. 676 $a306.44 701 $aPu?tz$b Martin$f1955-$0388884 701 $aFishman$b Joshua A$0127036 701 $aNeff-van Aertselaer$b JoAnne$01043514 801 0$bMiAaPQ 801 1$bMiAaPQ 801 2$bMiAaPQ 906 $aBOOK 912 $a9910464236103321 996 $aAlong the routes to power$92481992 997 $aUNINA LEADER 01887nam2 2200433 i 450 001 FER0164899 005 20231121125503.0 010 $a8884022282 020 $aIT$b98-6775 100 $a19980728d1997 ||||0itac50 ba 101 | $aita 102 $ait 181 1$6z01$ai $bxxxe 182 1$6z01$an 200 1 $a˜1: œLibro 1.$fPietro Aretino$ga cura di Paolo Procaccioli 210 $aRoma$cSalerno$d 1997! 215 $a705 p., 1! c. di tav.$critr.$d25 cm. 462 1$1001FER0164897$12001 $a˜4: œLettere.$v1$1700 1$aAretino$b, Pietro$3CFIV045071$4070 700 1$aAretino$b, Pietro$3CFIV045071$4070$014003 702 1$aProcaccioli$b, Paolo$3CFIV046490 790 0$aPartenio Etiro$3SBNV009006$zAretino, Pietro 790 0$aParthenio Etiro$3SBNV034289$zAretino, Pietro 790 0$aEtiro Parthenio$3SBNV034290$zAretino, Pietro 790 0$aPietro Aretino$3SBNV039886$zAretino, Pietro 790 1$aEtiro$b, Partenio$3SIPV037331$zAretino, Pietro 790 1$aAretino$b, Pietro Bacci$3SIPV037332$zAretino, Pietro 790 1$aAretino$b, Bacci Pietro$3SIPV037334$zAretino, Pietro 801 3$aIT$bIT-01$c19980728 850 $aIT-RM028 $aIT-RM0290 $aIT-RM0313 $aIT-RM0418 $aIT-FR0017 899 $aBiblioteca Universitaria Alessandrina$bRM028 899 $aBIBLIOTECA ANGELICA$bRM0290 899 $aBIBLIOTECA CASANATENSE$bRM0313 899 $aBIBLIOTECA ACCADEMIA NAZ. DEI LINCEI E CORSINIANA$bRM0418 899 $aBiblioteca umanistica Giorgio Aprea$bFR0017 $eN 912 $aFER0164899 950 2$aBiblioteca umanistica Giorgio Aprea$d 52PFR 856 Are.Let. 1$e 52SBA0000205695 VMN RS $fA $h20160503$i20160503 977 $a 01$a 06$a 07$a 10$a 52 996 $aLibro 1$91718106 997 $aUNICAS LEADER 01278nas 2200445 c 450 001 9910893853903321 005 20260218112439.0 024 7 $aurn:nbn:de:bsz:21-dt-109754 035 $a(CKB)5280000000201915 035 $a(DE-599)ZDB2850709-5 035 $a(DE-101)1093875682 035 $a(DE-599)2850709-5 035 $a(EXLCZ)995280000000201915 100 $a20160324b20162016 |y | 101 0 $ager 135 $aur||||||||||| 181 $ctxt$2rdacontent 182 $cc$2rdamedia 183 $acr$2rdacarrier 200 00$aKriminalsoziologische Bibliografie 210 31$aTu?bingen$cUniversita?tsbibliothek$d[2016?] 215 $aOnline-Ressource 300 $aUrh. fru?her: Ludwig Boltzmann Institut fu?r Kriminalsoziologie 300 $a18.1991=H. 70/71 auf d. Umschlag als Jg. 15 bez.; 2x ja?hrl. 300 $aGesehen am 24.3.16 300 $aReproduktion 517 1 $aKB 608 $aZeitschrift$2gnd-content 608 $aBibliografie$2gnd-content 676 $a340 676 $a360 686 $a2,1$2ssgn 686 $aKRIM$qDE-21$2fid 801 0$b0021 801 1$bDE-101 801 2$b9999 906 $aJOURNAL 912 $a9910893853903321 996 $aKriminalsoziologische Bibliografie$94253193 997 $aUNINA